African Geography By Letter H - Picture Quiz - Statistics

General Stats
  • This quiz has been taken 599 times
  • The average score is 5 of 18
Answer Stats
Picture Hint Answer % Correct
(animal) Hippopotamus
89%
(peninsula) Horn of Africa
78%
(animal) Hyena
75%
(city) Harare
63%
(ethnic group) Hutu
60%
(major religion) Hinduism
50%
(city) Hargeisa
23%
(ethnic group) Hausa
21%
(resort city) Hurghada
10%
(disputed territory) {Hala'ib} Triangle
5%
(state) Harari
4%
(city) Huambo
4%
{Hwange} National Park
3%
{Helwan} Governorate
2%
(mountain range) High Atlas
2%
{Hluhluwe}–Imfolozi Park
2%
Cape {Hafun}
1%
(ethnic group) Haya
1%
No matching quizzes found
Score Distribution
Percent of People with Each Score
Percentile by Number Answered
Your Score History
You have not taken this quiz